Central Library OPAC University of Rajshahi

Advances in agronomy / (Record no. 36906)

MARC details
000 -LEADER
fixed length control field 00800nam a22002777a 4500
001 - CONTROL NUMBER
control field 36906
003 - CONTROL NUMBER IDENTIFIER
rucl marc code BD-RjUL
005 - DATE AND TIME OF LATEST TRANSACTION
control field 20211209052545.0
008 - FIXED-LENGTH DATA ELEMENTS--GENERAL INFORMATION
fixed length control field 140922s2002 caua|||| |||| 001 0 eng d
020 ## - INTERNATIONAL STANDARD BOOK NUMBER
International Standard Book Number 0120007940
035 ## - SYSTEM CONTROL NUMBER
System control number (BD-RjUL)37008
040 ## - CATALOGING SOURCE
Original cataloging agency BD-RjUL
Language of cataloging eng
Transcribing agency BD-RjUL
041 ## - LANGUAGE CODE
Language code of text/sound track or separate title eng
082 ## - DEWEY DECIMAL CLASSIFICATION NUMBER
Classification number 630
Author mark and year ADV 2002
245 ## - TITLE STATEMENT
Title Advances in agronomy /
Statement of responsibility, etc. Edited by Donald L Sparks
Number of part/section of a work Volume 76
260 ## - PUBLICATION, DISTRIBUTION, ETC. (IMPRINT)
Place of publication, distribution, etc. San Diego ;
-- London :
Name of publisher, distributor, etc. Academic Press,
Date of publication, distribution, etc. c2002.
300 ## - PHYSICAL DESCRIPTION
Pagination V ; :
Illustrations ill. ;
Size 24 cm.
490 ## - SERIES STATEMENT
Series statement Advances in agronomy ;
Volume/sequential designation 76
500 ## - GENERAL NOTE
General note Includes indes.
505 ## - FORMATTED CONTENTS NOTE
Formatted contents note Vol. 76. --
650 ## - SUBJECT ADDED ENTRY--TOPICAL TERM
Topical term or geographic name as entry element Agronomy.
9 (RLIN) 112675
Topical term or geographic name as entry element Crops
General subdivision Genetic engineering.
9 (RLIN) 112676
Topical term or geographic name as entry element Soil science.
9 (RLIN) 112677
700 ## - ADDED ENTRY--PERSONAL NAME
Personal name Sparks, Donald L
942 ## - ADDED ENTRY ELEMENTS (KOHA)
Source of classification or shelving scheme Dewey Decimal Classification
Koha item type Books
Holdings
Lost status Source of classification or shelving scheme Damaged status Not for loan Collection code Permanent Location Current Location Shelving location Date acquired Source of acquisition Cost, normal purchase price Total Checkouts Full call number Date last seen Copy number Koha item type
  Dewey Decimal Classification   Not For Loan Non-fiction Central Library, University of Rajshahi Central Library, University of Rajshahi Reading Room 17/02/2013 Trim Education, Dhaka 9275.00   630 ADV V-76 2002 22/09/2014 C-1 Books
  Dewey Decimal Classification     Non-fiction Central Library, University of Rajshahi Central Library, University of Rajshahi   19/07/2018 Dhaka : Paragon Interprisees 9605.00   630 ADV V-76 2002 08/08/2018 C-2 Books